| 000 | 01371pam a2200349 a 4500 | ||
|---|---|---|---|
| 001 | 015610707 | ||
| 003 | Uk | ||
| 005 | 20110512105750.0 | ||
| 008 | 100713s2010 nyua b 001 0 eng|d | ||
| 020 | _a0071220860 (pbk.) : | ||
| 020 | _a9780071220866 (pbk.) : | ||
| 040 |
_aStDuBDS _beng _cStDuBDS _dUk |
||
| 082 | 0 | 4 |
_a658.1511 _222 _bHIL |
| 100 | 1 |
_aHilton, Ronald W. _929366 |
|
| 245 | 1 | 0 |
_aManagerial Accounting : _bCreating Value in a Global Business Environment. |
| 250 |
_a9th ed. / _bRonald W. Hilton, David E. Platt. |
||
| 260 |
_aNew York : _bMcGraw-Hill Irwin, _c2010. |
||
| 300 |
_a848 p. : _bcol. ill. ; _c28 cm. |
||
| 500 |
_aFormerly CIP. _5Uk |
||
| 500 | _aPrevious ed.: 2009. | ||
| 500 | _a"Global ed." --cover. | ||
| 500 | _aIncludes online access card. | ||
| 504 | _aIncludes bibliographical references and index. | ||
| 650 | 0 |
_aManagerial accounting. _929367 |
|
| 690 | 7 |
_aManagement and Business Studies _2blcoll _929368 |
|
| 653 |
_bBus _cMarch2012 |
||
| 700 | 1 |
_aPlatt, David E. _929369 |
|
| 942 |
_2ddc _cBB |
||
| 999 |
_c16579 _d16579 |
||